| 000 | 01931cam a2200397 a 4500 | ||
|---|---|---|---|
| 001 | 15306457 | ||
| 005 | 20081202093144.0 | ||
| 008 | 080527s2008 enk b 001 0 eng | ||
| 010 | _a2008023228 | ||
| 020 | _a9780521897990 (hbk.) | ||
| 020 | _a0521897998 (hbk.) | ||
| 020 | _a9780521725187 (pbk.) | ||
| 020 | _a0521725186 (pbk.) | ||
| 035 | _a(OCoLC)ocn227031827 | ||
| 035 | _a(OCoLC)227031827 | ||
| 040 |
_aDLC _cDLC _dBTCTA _dBAKER _dYDXCP _dBWKUK _dBWK _dVA@ _dBWX _dCDX _dDLC |
||
| 043 | _aa-ir--- | ||
| 050 | 0 | 0 |
_aDS266 _b.K35 2008 |
| 082 | 0 | 0 |
_a305.5520955 _222 _bKAM |
| 100 | 1 |
_aKamrava, Mehran, _d1964- _94826 |
|
| 245 | 1 | 0 |
_aIran's Intellectual Revolution / _cMehran Kamrava. |
| 260 |
_aCambridge, UK ; _aNew York : _bCambridge University Press, _cc2008. |
||
| 300 |
_axi, 267 p. ; _c24 cm. |
||
| 440 | 0 |
_aCambridge Middle East studies ; _v29 _94827 |
|
| 504 | _aIncludes bibliographical references (p. 227-261) and index. | ||
| 505 | 0 | _aList of tables -- Acknowledgments -- Introduction -- Emerging Iranian discourses -- Theorizing about the world -- The conservative religious discourse -- The reformist religious discourse -- The secular-modernist discourse -- Iran's silent revolution. | |
| 650 | 0 |
_aIslam and state _zIran _xHistory _y20th century. _94828 |
|
| 650 | 0 |
_aIslam and state _zIran _xHistory _y21st century. _94829 |
|
| 651 | 0 |
_aIran _xIntellectual life _y20th century. _94830 |
|
| 651 | 0 |
_aIran _xIntellectual life _y21st century. _94831 |
|
| 651 | 0 |
_aIran _xHistory _y1979-1997. _94832 |
|
| 651 | 0 |
_aIran _xHistory _y1997- _94833 |
|
| 942 |
_2ddc _cBB |
||
| 999 |
_c11553 _d11553 |
||